| 000 | 00702nam a22002177a 4500 | ||
|---|---|---|---|
| 999 |
_c13601 _d13601 |
||
| 003 | AR-CdUCM | ||
| 008 | 190415b ||||| |||| 00| 0 spa d | ||
| 040 |
_aMUNICIPALIDAD PROVINCIAL DEL CUSCO _cBIBLIOTECA MUNICIPAL DEL CUSCO |
||
| 082 |
_a258.1 / _bL62 |
||
| 100 |
_aLiendo Seminario, Oscar _96632 |
||
| 245 | _aTaytanchis q´oyllu ritti / | ||
| 260 |
_aQosco : _bGrafica laser, _c1995. |
||
| 300 |
_a70 paginas ; _bIlustraciones, _c30 cm. |
||
| 500 | _aTexto referido a la espiritualidad andina. | ||
| 650 |
_aReligión andina _96633 |
||
| 650 |
_aQ´oyllur ritti _932069 |
||
| 650 |
_aCusco _9772 |
||
| 710 |
_aMunicipalidad del Qosqo _96414 |
||
| 942 |
_2ddc _cLIBROS |
||
| 945 |
_awnts _d2019-04-15 |
||